Top 4 do Campeonato Brasileiro - 1959-2020 - Statistics

Estatísticas Gerais
  • Esse quiz foi jogado 413 vezes
  • A pontuação média é 28 de 32
Estatísticas das Respostas
Resposta % Correto
Palmeiras
100%
Santos
100%
São Paulo
100%
Atlético Mineiro
99%
Bahia
99%
Botafogo
99%
Corinthians
99%
Flamengo
99%
Fluminense
99%
Grêmio
99%
Internacional
99%
Vasco da Gama
99%
Cruzeiro
98%
Athlético Paranaense
97%
Sport
95%
Coritiba
94%
Vitória
92%
Guarani
91%
Fortaleza
88%
América
87%
São Caetano
86%
Goiás
85%
Bangu
83%
Bragantino
83%
Náutico
82%
Portuguesa
82%
Ceará
81%
Ponte Preta
81%
Santa Cruz
78%
Brasil de Pelotas
66%
Londrina
54%
Operário
52%
Nenhum quiz correspondente encontrado
Distribuição das Pontuações
Porcentagem de Pessoas com Cada Pontuação
Percentil de Números Respondidos
Sua Pontuação Histórica
Você não jogou esse quiz